000
00190nam a22000857a 4500
040
_c
SCME
100
_a
Hu Fuguo
_9
91452
245
_a
Understanding china poverty alleviation
942
_2
ddc
_c
BK
999
_c
589573
_d
589573